| 000 | 01350nam a2200265Ii 4500 | ||
|---|---|---|---|
| 003 | JO-AjNU | ||
| 005 | 20240623120039.0 | ||
| 008 | 230605s9999||||xx |||||||||||||| ||und|| | ||
| 040 |
_aJO-AjNU _bara _erda _cJO-AjNU |
||
| 041 | _aara | ||
| 050 |
_aHG3261. _bA6.M5686 2002 |
||
| 100 | 1 |
_aمقداد، عمر يوسف محمد _964830 _eمعد |
|
| 245 | 0 |
_aالمهنية لدى المدققين الداخلين في البنوك الأردنية و علاقتها بمخرجات العمل : دراسة ميدانية = Professionalism of Internal Auditors in Banking Sector and its Consequences : Field Study / _cإعداد عمر يوسف محمد مقداد؛ إشراف تركي الحمود |
|
| 260 | _c2002 | ||
| 300 | _a106 ورقة | ||
| 336 |
_atext _btxt _2rdacontent |
||
| 337 |
_aunmediated _bn _2rdamedia |
||
| 338 |
_avolume _bnc _2rdacarrier |
||
| 500 | _aرسالة جامعية (ماجستير / تخصص المحاسبة) -- جامعة اليرموك (إربد، الأردن)، قسم المحاسبة، 2002. | ||
| 501 | _aتحتوي على ملاحق | ||
| 504 | _aتحتوي على مراجع باللغتين العربية والانجليزية | ||
| 650 | 4 | 0 |
_aبنوك واعمال مصرفية-محاسبة-الاردن. _964832 |
| 700 | 1 |
_aالحمود، تركي راجي _964635 _eمشرف |
|
| 942 |
_2lcc _cTHS |
||
| 999 |
_c33019 _d33019 |
||